Woman, thou art loosed! (Record no. 14821)

000 -LEADER
fixed length control field 00630nam a2200193 a 4500
001 - CONTROL NUMBER
control field :::00012655$&:&@@
003 - CONTROL NUMBER IDENTIFIER
control field OkBaRHE
005 - DATE AND TIME OF LATEST TRANSACTION
control field 20000607103421.0
008 - FIXED-LENGTH DATA ELEMENTS--GENERAL INFORMATION
fixed length control field s1996 j 000 0 eng u
040 ## - CATALOGING SOURCE
Transcribing agency
100 1# - MAIN ENTRY--PERSONAL NAME
Personal name Jakes, T.D.
245 10 - TITLE STATEMENT
Title Woman, thou art loosed!
260 ## - PUBLICATION, DISTRIBUTION, ETC. (IMPRINT)
Place of publication, distribution, etc Tulsa, OK.,
Name of publisher, distributor, etc Albury Publishing
Date of publication, distribution, etc 1996
300 ## - PHYSICAL DESCRIPTION
Extent 205 p. ;
Dimensions 23 cm.
650 ## - SUBJECT ADDED ENTRY--TOPICAL TERM
Topical term or geographic name as entry element Woman (Christian Theology)
942 ## - ADDED ENTRY ELEMENTS (KOHA)
Source of classification or shelving scheme
Koha item type Books
Copies
Date last seen Price effective from Permanent Location Copy number Damaged status Lost status Withdrawn status Source of classification or shelving scheme Koha item type Barcode Full call number Date acquired Not for loan Shelving location
2010-04-142010-04-14RHEMA Bible Training College1    Books12655HQ 1206 .J32010-04-14 General Stacks
2010-04-142010-04-14RHEMA Bible Training College2    Books20842HQ 1206 .J32010-04-14 General Stacks